Country Scramble Quiz Stats

 Plays Quiz not verified by Sporcle

Score 0/10 Timer 04:00
0 Plays Today
Letters Country % Correct
AONMOman
95.7%
HAGTNISNFAAAfghanistan
88.6%
DRCUOAEEcuador
82.9%
GIRNEAINigeria
80.7%
AILNEDRIreland
79.3%
BSRIEASerbia
77.9%
EIRLSAIsrael
75%
GRANCAAUINicaragua
72.1%
MCADINOIDominica
65.7%
Using the first letter of the countries above, can you name this final country?Indonesia
42.9%

You're not logged in!

Compare scores with friends on all Sporcle quizzes.
OR
Log In

Show Comments

Extras

Created Nov 19, 2010ReportNominate
Tags:Country Quiz, Letter Quiz

Top Quizzes Today


Score Distribution

Your Account Isn't Verified!

In order to create a playlist on Sporcle, you need to verify the email address you used during registration. Go to your Sporcle Settings to finish the process.

Report this User

Report this user for behavior that violates our Community Guidelines.

Details: